000 00342nam a2200145Ia 4500
008 150201s1975 xx 000 0 und d
082 _a612.O15
_bB1975S
100 _aSTRYER ,LUBERT
245 _aBIOCHEMISTRY
250 _a1ST
260 _bFREEMAN PUBLICATION
_aDELHI
_c1975
300 _a1-877
650 _aBIOCHEMISTRY
942 _2ddc
_cBK
999 _c3241
_d3241